Name a Valid U.S. State Containing A-Z - 15 Second Sprint - Statistics

General Stats
  • This quiz has been taken 173 times
  • The average score is 15 of 25
Answer Stats
Letter # Answer % Correct
A 36
100%
O 27
96%
I 28
94%
R 21
94%
N 33
92%
L 14
88%
S 21
80%
E 20
76%
M 14
74%
W 11
70%
D 10
64%
C 10
62%
K 9
62%
T 15
62%
B 2
58%
H 14
54%
F 2
52%
G 7
52%
Y 6
48%
U 8
36%
Z 1
36%
X 2
28%
V 5
26%
P 3
22%
J 1
16%
No matching quizzes found
Score Distribution
Percent of People with Each Score
Percentile by Number Answered
Your Score History
You have not taken this quiz